| 000 | 00797nam a2200253 a 4500 | ||
|---|---|---|---|
| 001 | BRCA_5339 | ||
| 005 | 20190320205035.0 | ||
| 008 | 061210s1943----gw-a######---#000-0#ger-# | ||
| 041 | _ager | ||
| 044 | _agw | ||
| 050 | 4 |
_aND631 _b.T68 1943 |
|
| 100 | 1 |
_aToth, Karl _913691 |
|
| 245 | 1 | 0 |
_aDie alten Niederländer _bvon Eyck Bis Brueghel _cKarl Toth. |
| 260 |
_aBielefeld, Alemania _bVelhagen & Klasing _c1943 |
||
| 300 |
_axxii, 88 p. _bil. (algunas a color) _c28 cm. |
||
| 500 | _aIncluye índice de grabados, índice onomástico e índice de ilustraciones | ||
| 500 | _aE102 | ||
| 504 | _aIncluye referencias bibliográficas | ||
| 650 | 1 | 4 |
_aPintura _zPaíses Bajos _913692 |
| 650 | 1 | 4 |
_aPintura _xHistoria _913693 |
| 650 | 1 | 4 |
_aPintores holandeses _913694 |
| 902 | _aGFM | ||
| 942 |
_2lcc _cB |
||
| 999 |
_c5033 _d5033 |
||